60 ways to relieve stress in 60 seconds / (Record no. 680)

MARC details
000 -LEADER
fixed length control field 00928cam a2200277 a 4500
005 - DATE AND TIME OF LATEST TRANSACTION
control field 20260322212030.0
008 - FIXED-LENGTH DATA ELEMENTS--GENERAL INFORMATION
fixed length control field data
010 ## - LIBRARY OF CONGRESS CONTROL NUMBER
LC control number 92050932
020 ## - INTERNATIONAL STANDARD BOOK NUMBER
International Standard Book Number 1563052458
020 ## - INTERNATIONAL STANDARD BOOK NUMBER
International Standard Book Number 1563053381 (pbk.) :
Terms of availability {dollar}5.95
020 ## - INTERNATIONAL STANDARD BOOK NUMBER
International Standard Book Number 9781563052453
020 ## - INTERNATIONAL STANDARD BOOK NUMBER
International Standard Book Number 9781563053382 (pbk.) :
Terms of availability {dollar}5.95
040 ## - CATALOGING SOURCE
Original cataloging agency DLC
Transcribing agency DLC
Modifying agency DLC
050 00 - LIBRARY OF CONGRESS CALL NUMBER
Classification number RA785
Item number .R8 1993
082 00 - DEWEY DECIMAL CLASSIFICATION NUMBER
Classification number 155.9/042
Edition information 20
092 ## - LOCALLY ASSIGNED DEWEY CALL NUMBER (OCLC)
Classification number 155.9 R8 1993
001 - CONTROL NUMBER
control field data
100 1# - MAIN ENTRY--PERSONAL NAME
Personal name Rubin, Manning.
245 10 - TITLE STATEMENT
Title 60 ways to relieve stress in 60 seconds /
Statement of responsibility, etc. Manning Rubin.
260 ## - PUBLICATION, DISTRIBUTION, ETC.
Place of publication, distribution, etc. New York :
Name of publisher, distributor, etc. Workman Pub.,
Date of publication, distribution, etc. c1993.
300 ## - PHYSICAL DESCRIPTION
Extent 1 v. (unpaged) :
Other physical details ill. ;
Dimensions 18 cm.
650 #0 - SUBJECT ADDED ENTRY--TOPICAL TERM
Topical term or geographic name entry element Stress management.
740 0# - ADDED ENTRY--UNCONTROLLED RELATED/ANALYTICAL TITLE
Uncontrolled related/analytical title Sixty ways to relieve stress in 60 seconds.
856 42 - ELECTRONIC LOCATION AND ACCESS
Materials specified Publisher description
Uniform Resource Identifier <a href="http://www.loc.gov/catdir/enhancements/fy0714/92050932-d.html">http://www.loc.gov/catdir/enhancements/fy0714/92050932-d.html</a>
856 41 - ELECTRONIC LOCATION AND ACCESS
Materials specified Table of contents only
Uniform Resource Identifier <a href="http://www.loc.gov/catdir/enhancements/fy0714/92050932-t.html">http://www.loc.gov/catdir/enhancements/fy0714/92050932-t.html</a>
Holdings
Withdrawn status Lost status Damaged status Not for loan Home library Current library Shelving location Date acquired Total checkouts Full call number Barcode Date last seen Price effective from Koha item type
        Midway Midway General stacks 22/03/2026   155.9/042 20 BC0010697 22/03/2026 22/03/2026 Books